Carta de Correos y Postas de las provincias de Alava, Guipúzcoa y Vizcaya [ (Record no. 40211)

MARC details
000 -LEADER
campo de control de longitud fija 01154nem a2200229 i 4500
001 - NÚMERO DE CONTROL
campo de control 40211
003 - IDENTIFICADOR DE NÚMERO DE CONTROL
campo de control ES-MaACL
005 - FECHA Y HORA DE LA ÚLTIMA TRANSACCIÓN
campo de control 20230906160150.0
007 - CAMPO FIJO DE DESCRIPCIÓN FÍSICA--INFORMACIÓN GENERAL
campo de control de longitud fija t|
008 - DATOS DE LONGITUD FIJA--INFORMACIÓN GENERAL
campo de control de longitud fija 030305s1865 sp | |0|1||spa d
110 2# - ENTRADA PRINCIPAL--NOMBRE DE ENTIDAD CORPORATIVA
Nombre de entidad corporativa o nombre de jurisdicción como elemento de entrada España.
Unidad subordinada Dirección General de Correos.
9 (RLIN) 160394
245 10 - MENCIÓN DEL TÍTULO
Título Carta de Correos y Postas de las provincias de Alava, Guipúzcoa y Vizcaya [
Medio Material cartográfico] /
Mención de responsabilidad, etc. trazada por la Dirección General de Correos.
255 ## - DATOS MATEMÁTICOS CARTOGRÁFICOS
Mención de escala Escala [1:300.000].
260 ## - PUBLICACIÓN, DISTRIBUCIÓN, ETC.
Lugar de publicación, distribución, etc. [Madrid?] :
Nombre del editor, distribuidor, etc. Dirección General de Correos,
Fecha de publicación, distribución, etc. 1865.
300 ## - DESCRIPCIÓN FÍSICA
Extensión 1 map. col. ;
Dimensiones 54,5 x 69,5 cm., pleg. en 14 x 10,5 cm.
501 ## - NOTA DE CON
Nota de "Con" En el plano tabla de signos convencionales de conducciones y límites reflejados en el mapa y "Lista alfabética correspondiente a la Carta de correos y postas de las provincias vascongadas: con todas las poblaciones que tienen correo diario en las de Alava, Guipuzcoa y Vizcaya.
507 ## - NOTA DE ESCALA PARA MATERIAL GRÁFICO
Nota de escala o de fracción representativa Escala expresada también en leguas de 20.000 pies.
650 #4 - PUNTO DE ACCESO ADICIONAL DE MATERIA--TÉRMINO DE MATERIA
Término de materia o nombre geográfico como elemento de entrada Postas-
Subdivisión geográfica Álava-
Subdivisión de forma Planos.
9 (RLIN) 160423
650 #4 - PUNTO DE ACCESO ADICIONAL DE MATERIA--TÉRMINO DE MATERIA
Término de materia o nombre geográfico como elemento de entrada Postas-
Subdivisión geográfica Guipuzcoa-
Subdivisión de forma Planos.
9 (RLIN) 160424
650 #4 - PUNTO DE ACCESO ADICIONAL DE MATERIA--TÉRMINO DE MATERIA
Término de materia o nombre geográfico como elemento de entrada Postas-
Subdivisión geográfica Vizcaya-
Subdivisión de forma Planos.
9 (RLIN) 160425
852 ## - LOCALIZACIÓN
Ubicación ES-MaACL
Número de control de estantería G-13399
Holdings
Estatus retirado Estado de pérdida Estado de daño No para préstamo Biblioteca de origen Biblioteca actual Ubicación en estantería Fecha de adquisición Fuente de adquisición Total de préstamos Signatura topográfica completa Código de barras Visto por última vez Precio de reemplazo Tipo de ítem Koha
        Biblioteca del Ateneo de Madrid Biblioteca del Ateneo de Madrid Sala Pecera Planta 3 17/01/2008     G-13399 1042334 23/02/2023 23/02/2023 Mapa